000 01795nam a2200397Ia 4500
001 dia_6489
003 CHAP
005 20240624180723.0
007 ta
008 220117s2017 mx abeof 001 0 spa d
040 _amxchpua
_cCHAP
090 _aT.C.727
_bR36 SAI
_c2017
245 1 0 _aCampo de estudio cerveza artesanal /
_ccoordinador Marco Favio Ramírez Sepúlveda ; colaboradores Fabiola Aguilar Aguilar...[y otros]
260 _aMéxico :
_bEl autor,
_c2017
300 _a283 hojas :
_bilustraciones, tablas, gráficas, mapas, fotos
336 _2rdacontent
_atexto
_btxt
337 _2rdamedia
_ano mediado
_bn
338 _2rdacarrier
_avolumen
_bnc
500 _aGrado: 6° año Grupo: 03 Directorio: hojas 280-283
502 _aViaje de Estudios
_b(SAI) --
_cUACh. Departamento de Ingeniería Agroindustrial,
_d2017
504 _aBibliografía: hojas 210-212
505 0 0 _tEmpresas visitadas: -- 1.Berber -- 2.Beer Boutique -- 3.Compañía cervecera de Zacatecas, S. de R. L. de C. V. -- 4.27 Cervecería -- 5.Cervecería Primus -- 6.Colombo -- 7.Colima -- 8.Gelingen -- 9.INIFAP -- 10.Loba -- 11.La Blanca -- 12.Minerva -- 13.Villagran produce -- 14.Sierra Fría -- 15.Triana -- 16.Tres Islas
650 1 3 _aCervezas
_9149283
650 1 0 _aIndustria cervecera
_zMéxico
_9149284
650 1 3 _aBeers
_9149281
650 1 0 _aBrewing industry
_zMéxico
_9149282
700 1 _aRamírez Sepúlveda, Marco Favio
_9150304
_ecoordinador
700 1 _aAguilar Aguilar, Fabiola
_9137125
_ecolaborador
856 4 1 _uhttp://10.13.5.2/ve/TC727SAI/TC727SAI2017-REPORTE.pdf
_yDESCARGAR REPORTE
901 _aT.C.727 R36 SAI 2017
902 _aM
905 _a5232272017 mx nmdl8223223312spa46
942 _2local
942 _cVE
999 _c178800
_d178800